Living Former Prime Ministers of Canada - Statistics

General Stats
  • This quiz has been taken 30 times
    10 since last reset
  • The average score is 4 of 5
Answer Stats
Picture Answer % Correct
Jean Chrétien
89%
Stephen Harper
89%
Joe Clark
78%
Kim Campbell
78%
Paul Martin
56%
No matching quizzes found
Score Distribution
Percent of People with Each Score
Percentile by Number Answered
Your Score History
You have not taken this quiz since the last reset